Basic of Biotechnology (Record no. 7307)

MARC details
000 -LEADER
fixed length control field 00328nam a2200133Ia 4500
008 - FIXED-LENGTH DATA ELEMENTS--GENERAL INFORMATION
fixed length control field 191201s2009 xx 000 0 und d
100 ## - MAIN ENTRY--PERSONAL NAME
Personal name Deswal, Surinder
245 #0 - TITLE STATEMENT
Title Basic of Biotechnology
250 ## - EDITION STATEMENT
Edition statement Rep.
260 ## - PUBLICATION, DISTRIBUTION, ETC. (IMPRINT)
Date of publication, distribution, etc 2009
Name of publisher, distributor, etc Dhanpat Rai Pubns (P) Ltd
Place of publication, distribution, etc N.Delhi
300 ## - PHYSICAL DESCRIPTION
Extent misc
650 ## - SUBJECT ADDED ENTRY--TOPICAL TERM
Topical term or geographic name as entry element APPLIED
942 ## - ADDED ENTRY ELEMENTS (KOHA)
Source of classification or shelving scheme Dewey Decimal Classification
Koha item type Book Bank
942 ## - ADDED ENTRY ELEMENTS (KOHA)
-- 4
Holdings
Withdrawn status Lost status Source of classification or shelving scheme Damaged status Not for loan Collection code Home library Current library Date acquired Source of acquisition Cost, normal purchase price Bill Number Total Checkouts Acc. no. / Barcode Checked out Date last seen Date last borrowed Bill Date Koha item type
    Dewey Decimal Classification     Applied Sc. PIET C-LIBRARY PIET C-LIBRARY 17/07/2009 J B C, New Delhi 140.00 SI-1548 1 BB5004 24/05/2021 03/11/2020 03/11/2020 17/07/2009 Book Bank
    Dewey Decimal Classification     Applied Sc. PIET C-LIBRARY PIET C-LIBRARY 17/07/2009 J B C, New Delhi 140.00 SI-1548 1 BB5005 19/05/2021 31/10/2020 31/10/2020 17/07/2009 Book Bank
    Dewey Decimal Classification     Applied Sc. PIET C-LIBRARY PIET C-LIBRARY 17/07/2009 J B C, New Delhi 140.00 SI-1548 1 BB5009 24/05/2021 03/11/2020 03/11/2020 17/07/2009 Book Bank
    Dewey Decimal Classification     Applied Sc. PIET C-LIBRARY PIET C-LIBRARY 17/07/2009 J B C, New Delhi 140.00 SI-1548 2 BB5024   17/02/2025 03/02/2025 17/07/2009 Book Bank
    Dewey Decimal Classification     Applied Sc. PIET C-LIBRARY PIET C-LIBRARY 17/07/2009 J B C, New Delhi 140.00 SI-1548 1 BB5051 19/05/2021 31/10/2020 31/10/2020 17/07/2009 Book Bank

Design & Developed by: PIET Central Library
R70 Miles Stone Pattikalyana Samalkha Panipat 132102
mail ID :- [email protected], Phone No:- 0180-2569700 Ex.216